Statistics for Top 12 UK Counties* by Population

Click here to take the quiz!

General Stats

  • This quiz has been taken 99 times
    (97 since last reset)
  • The average score is 8 of 12

Answer Stats

HintAnswer% Correct
1.820Essex
81%
8,817Greater London
79%
1.832Kent
78%
2.307West Yorkshire
71%
2.798Greater Manchester
70%
1.416Merseyside
70%
1.185Surrey
70%
2,897West Midlands
69%
1.393South Yorkshire
67%
1.837Hampshire
66%
1.490Lancashire
59%
1.185Devon
51%

Score Distribution

Percentile by Number Answered

Percent of People with Each Score

Your Score History

You have not taken this quiz since the last reset